História do Brasil (Record no. 142024)

MARC details
000 -LÍDER
campo de controle de tamanho fixo 00957 a2200193 4500
001 - NÚMERO DE CONTROLE
campo de controle 142024
040 ## - FONTE DA CATALOGAÇÃO
Instituição que transcreveu o registro Leonardo Da Vinci
041 ## - CÓDIGO DE IDIOMA
Código do idioma do texto/trilha sonora ou título diferente Português
082 ## - CDD - CLASSIFICAÇÃO DECIMAL DE DEWEY
Número de Classificação r981 C163h
Número do exemplar C163h
100 ## - ENTRADA PRINCIPAL--NOME PESSOAL
Nome pessoal CALMON, Pedro
245 ## - TÍTULO
Título História do Brasil
Restante do título século XVI; as origens
250 ## - EDIÇÃO
Edição v.1
260 ## - PUBLICAÇÃO, DISTRIBUIÇÃO, ETC.
Nome do editor, distribuidor, etc. José Olympio
Data da publicação, distribuição, etc. 1959
Local de publicação, distribuição, etc. Rio de Janeiro
300 ## - DESCRIÇÃO FÍSICA
Extensão 321
362 ## - DATAS DE PUBLICAÇÃO E/OU DESIGNAÇÃO SEQUENCIAL
Datas de publicação e/ou designação sequencial 19590000
500 ## - NOTA GERAL
Nota geral com 940 ilustrações
697 ## - ENTRADA DE ASSUNTO LOCAL--ENTIDADE COLETIVA (RLIN)
Nome corporativo ou nome da jurisdição Referência
-- Curiosidades
-- Biografia
-- História
-- Século XVI
-- Povo português
-- Romanos
-- Godos
-- Árabes
-- Europa
-- Idade Média
-- Índia
-- América
-- Frota de 1500
-- Cabral
-- Brasil
-- Carta de Pero Vaz de Caminha
-- Terra do Pau de Tingir
-- Portugal
-- Epopéia da Índia
-- Corsário de França
-- Capitanias
-- Caramuru
-- Colonização
-- Donatários
-- Guerra do Iguape
-- Hans Staden
-- Igreja
-- Família
-- Governo de D. Duarte
-- Governo de Mem de Sá
-- Rio de Janeiro
-- Pernambuco dos Albuquerques
-- Governo sertanista
-- Luís de Brito
942 ## - ELEMENTOS DE ENTRADA ADICIONADOS (KOHA)
Tipo de material Koha Livros
Holdings
Situação do descarte Situação das perdas Situação física Não pode ser emprestado Biblioteca de origem Biblioteca atual Data de aquisição Total de empréstimos Número de chamada completo Código de barras Data de último acesso Data do preço efetivo Tipo de material Koha
        Leonardo Da Vinci - Osasco Leonardo Da Vinci - Osasco 27/03/2024   r981 C163h O009344 27/03/2024 27/03/2024 Livros